000 00494nam a2200181Ia 4500
005 20250508163507.0
008 008 250505s9999 xx 000 0 eng d
037 _aTextual
040 _aFEDL
_beng
_cFEDL
041 _aeng
_2eng
084 _a401.9, GRE
_qFEDL
100 _aGreene Judith
245 0 _aPsycholinguistics: Chomsky and psychology
260 _aEngland
_bPenguin Books Ltd
_c1972
300 _a208p.
942 _cTEXL
_h401.9, GRE
999 _c1383671
_d1383671